| 000 | 00491pab a2200181 454500 | ||
|---|---|---|---|
| 008 | 180718b2001 xxu||||| |||| 00| 0 eng d | ||
| 100 | _aNattrass, Nicoli | ||
| 245 | _aTwo nations? race and economic inequality in South Africa today | ||
| 260 | _c2001 | ||
| 300 | _ap.45-70 | ||
| 362 | _aWinter | ||
| 650 | _aRace - South Africa | ||
| 650 | _aIncome distribution - South Africa | ||
| 650 | _aIncome distribution | ||
| 700 | _aSeekings, Jeremy | ||
| 773 | _aDaedalus | ||
| 909 | _a47925 | ||
| 999 |
_c47925 _d47925 |
||